banner-ar

HOTEL MANAGEMENT AND OPERATIONS / (Record no. 9399)

MARC details
000 -الفاتح
حقل البيانات ثابتة الطول 00560nam a2200205Ia 4500
008 - عناصر البيانات ثابتة الطول - معلومات عامة
حقل البيانات ثابتة الطول 140319s9999 xx 000 0 eng d
020 ## - الرقم الدولى المعيارى للكتب
الرقم الدولى المعيارى للكتاب 0471470651
040 ## - مصدر الفهرسة
وكالة الفهرسة الأصلية GCL /
وكالة النسخ GCL
082 04 - رقم تصنيف ديوى العشرى
رقم التصنيف 647.94
رقم المادة R H
100 1# - المدخل الرئيسى - إسم شخصى
الإسم الشخصى RUTHERFORD, DENNEY G .
245 10 - بيان العنوان
العنوان HOTEL MANAGEMENT AND OPERATIONS /
بيان المسئوليه,etc RUTHERFORD, DENNEY G .
700 1# - المدخل الاضافى - اسم شخصى
الإسم الشخصى O'FALLON, MICHAEL
250 ## - بيان الطبعة
بيان الطبعة FOURTH
260 ## - PUBLICATION, DISTRIBUTION, ETC. (IMPRINT)
تاريخ النشر أو التوزيع 2007
300 ## - الوصف المادى
التعداد 24 CM ؛
أبعاد الوعاء 478 P
650 04 - المدخل الاضافى بالموضوع-مصطلح موضوعى
مصطلح موضوعي HOTELS
650 04 - المدخل الاضافى بالموضوع-مصطلح موضوعى
مصطلح موضوعي HOTELS MANAGEMENT
942 ## - عناصر المدخل الإضافي( كوها)
مصدر التصنيف او مخطط الترفيف Dewey Decimal Classification
Koha [default] item type كتاب
260 ## - PUBLICATION, DISTRIBUTION, ETC. (IMPRINT)
-- نيويورك :
-- JOHN WILEY AND SONS. INC ،
Holdings
حالة التراجع حالة الفقد حالة تلف ليس للاعارة المكان المؤقت الموقع الحالى تاريخ الاكتساب اجمالي اﻻعارات رقم الطلب الباركود تاريخ اخر مشاهدة تاريخ تفعيل السعر نوع وعاء كوها
        مكتبة القاهرة الكبرى مكتبة القاهرة الكبرى 03/26/2014   647.94\R H 19627 03/26/2014 03/26/2014 كتاب

Powered By

EGPV